Najrzadziej zgadywane powiaty w Polsce - Statystyki

Ogólne statystyki
  • Ten quiz został rozwiązany 41 razy
    6 od ostatniego zresetowania
  • Średni wynik to 12 z 21
Statystyki odpowiedzi
% Województwo Powiat % Poprawnych
15 Zachodniopomorskie łobeski
80%
15 Lubelskie parczewski
80%
15 Zachodniopomorskie pyrzycki
80%
14 Lubuskie strzelecko-drezdenecki
80%
15 Dolnośląskie górowski
60%
15 Podlaskie kolneński
60%
14 Kujawsko-pomorskie lipnowski
60%
15 Łódzkie poddębicki
60%
13 Kujawsko-pomorskie radziejowski
60%
15 Podkarpackie ropczycko-sędziszowski
60%
13 Podkarpackie strzyżowski
60%
15 Zachodniopomorskie świdwiński
60%
15 Dolnośląskie wołowski
60%
15 Mazowieckie zwoleński
60%
13 Zachodniopomorskie choszczeński
40%
15 Wielkopolskie czarnkowsko-trzcianecki
40%
15 Podkarpackie niżański
40%
14 Kujawsko-pomorskie sępoleński
40%
15 Dolnośląskie strzeliński
40%
14 Lubuskie sulęciński
40%
14 Kujawsko-pomorskie wąbrzeski
40%
Nie znaleziono quizów pasujących do podanych kryteriów
Rozkład punktacji
Procent ludzi z każdym wynikiem
Percentyl według liczby udzielonych odpowiedzi
Twoja historia wyników
Nie rozwiązałeś tego quizu od ostatniego zresetowania